Konkurenčnosť prostredia treba chrániť Protimonopolný úrad proti obmedzovaniu hospodárskej súťaže

Bibliographic Details
Main Authors: Hölcz, Róbert (Author), Nižňanský, Peter, 1941- (Author)
Format: Article
Language:Slovak
PhysicalDescription:Fotogr.
Subjects:

MARC

LEADER 00000nab a2200000 a 4500
001 vtls000651587
003 SK-MaSNL
005 20260302200829.0
008 180206c1998 xo 0 slo
015 |a SNBRA1998/02-04623 
035 |a CLN000003781 
040 |a SNKBUCL  |b slo  |c SNKBUCL  |e AACR2 
041 0 |a slo 
044 |a xo  |c SK 
080 |a 347.77.043(437.6)  |2 UDC-MRF-SK2 
080 |a 339.137.2  |2 UDC-MRF-SK2 
080 |a 334.75  |2 UDC-MRF-SK2 
080 |a 658.114.5  |2 UDC-MRF-SK2 
100 1 |a Hölcz, Róbert  |4 aut  |9 711665 
245 1 0 |a Konkurenčnosť prostredia treba chrániť  |b Protimonopolný úrad proti obmedzovaniu hospodárskej súťaže  |c Peter Nižňanský, Róbert Hölcz 
300 |b Fotogr. 
610 1 7 |a Slovensko.  |b Protimonopolný úrad  |2 snkbucl  |9 32109 
650 0 7 |a súťaž hospodárska  |z Slovensko  |2 snkbucl  |9 864423 
655 7 |a články z novín a časopisov  |2 snkbucl  |2 snkbucl  |9 267496 
700 1 |a Nižňanský, Peter,  |d 1941-  |4 aut  |9 110482 
773 0 |t Slovenská republika  |g Roč. 6, č. 48 (27.2.1998), s. 3 
850 |a Slovenská národná knižnica v Martine 
852 |a SNK  |b KIS3GCP 
958 |a RBX  |x rozpis článkov z periodík 
999 |c 1458467  |d 1460397